000 00433pab a2200133 454500
008 180718b1989 xxu||||| |||| 00| 0 eng d
100 _aLooney, Robert E.
245 _aImpact of regime type on Argentinean central government budgetary priorities 1961-82
_bA test of the O'Donnell thesis
260 _c1989
300 _a45-77
650 _aBudget -Argentina
773 _aInternational Journal of Public Administration
909 _a4724
999 _c4724
_d4724